00409nam a22000977a 450000500170000010000820001724501280009926000270022730000090025470000480026320260629132931.0 aEngr. Sughand Memon a21-MCCN-05aSupervisor - P{rof. Dr Fareed Ahmed Jokhio  aonion Crop Growth and Health Monitoring Using HAV Enabled Multispectral Imagery and Machine Learning Techniques (Thesis MS) aNawabshahbQUESTc2025 a68p. aDepartment of Computer Systems Engineering